| 000 | 01105nam a22002057a 4500 | ||
|---|---|---|---|
| 999 |
_c63013 _d63013 |
||
| 005 | 20250502173325.0 | ||
| 008 | 250502s2025 ge ||||| |||| 00| 0 eng d | ||
| 020 | _a9789941874840 | ||
| 041 | _aeng | ||
| 080 | _a581 : 630 P-23 | ||
| 100 |
_aPapunidze, Vano _925006 |
||
| 245 |
_aWater-regulating and soil-protective function of mountain forests of Ajara and the Technology for Creating of industrial plantations / _cVano Papunidze; editor Chagelishvili Revaz; editor of English text Siradze Tamar. |
||
| 264 |
_aTbilisi, _c2025. |
||
| 300 |
_a164 p. : _bfig., tab. ; _c24 cm. |
||
| 522 | _aბიბლიოგრაფია: გვ. 149-163. | ||
| 653 | _aაჭარის მთის ტყეების წყალმარეგულირებელი და ნიადაგდამცავი ფუნქცია | ||
| 700 |
_aჩაგელიშვილი, რევაზ _eრედაქტორი _98290 |
||
| 700 |
_aსირაძე, თამარ, _eინგლ. ტექსტის რედაქტორი. _925007 |
||
| 942 |
_2udc _cᲬᲘᲒᲜᲘ |
||